000 00514nam a2200181Ia 4500
999 _c28953
_d28953
003 OSt
005 20201120121207.0
008 190216s9999||||xx |||||||||||||| ||und||
020 _a9788182640726
040 _coclc
082 _a894.8123
_bVEN/K
100 _aVenugopal, Su
_96812
245 0 _aKoonthappanai /
_cSu Venugopal
260 _bMathrubhumi Printing &publishing,
_aKozhikode:
_c2004.
300 _a78p
650 _aNovel
942 _cBK
_2ddc
_h894.8123
_iVEN/K
_k894.8123
_mVEN/K